[Event "RN-2019-0-01557"]
[Site "LSS email"]
[Date "2019.08.31"]
[Round "?"]
[White "Cherry, Brian"]
[Black "Plastinin, Alexandr"]
[Result "0-1"]
[WhiteElo "310"]
[BlackElo "1094"]
[PlyCount "26"]
[EventDate "2019.08.15"]
[EventType "tourn (corr)"]
[EventRounds "6"]
[EventCountry "GER"]
[SourceTitle "Corr 2022"]
[Source "ChessBase"]
[SourceDate "2021.10.24"]
[SourceVersion "1"]
[SourceVersionDate "2021.10.24"]
[SourceQuality "1"]

1. e4 e5 2. Nf3 Nc6 3. d4 exd4 4. Nxd4 d6 5. Nxc6 bxc6 6. Bf4 Be7 7. Nc3 Nf6 8. Bc4 0-0 9. Qd3 d5 10. Bb3 dxe4 11. Nxe4 Bf5 12. Nxf6+ Bxf6 13. 0-0-0 Bxd3 0-1

[Event "RN-2019-0-01557"]
[Site "LSS email"]
[Date "2019.08.31"]
[Round "?"]
[White "Cherry, Brian"]
[Black "Tolnai, Rudolf"]
[Result "0-1"]
[WhiteElo "310"]
[BlackElo "796"]
[PlyCount "30"]
[EventDate "2019.08.15"]
[EventType "tourn (corr)"]
[EventRounds "6"]
[EventCountry "GER"]
[SourceTitle "Corr 2022"]
[Source "ChessBase"]
[SourceDate "2021.10.24"]
[SourceVersion "1"]
[SourceVersionDate "2021.10.24"]
[SourceQuality "1"]

1. e4 e5 2. Nf3 Nc6 3. d4 exd4 4. Nxd4 Nxd4 5. Qxd4 Ne7 6. Nc3 Nc6 7. Qc4 Bb4 8. Bd2 Bxc3 9. Qxc3 0-0 10. Qg3 d6 11. Bh6 Qf6 12. Qg5 Qxb2 13. Rd1 Kh8 14. Bd3 gxh6 15. Qf5 Bxf5 0-1

[Event "RN-2019-0-01554"]
[Site "LSS email"]
[Date "2019.08.19"]
[Round "?"]
[White "Pauk, Jozef"]
[Black "Cherry, Brian"]
[Result "0-1"]
[WhiteElo "781"]
[BlackElo "318"]
[PlyCount "48"]
[EventDate "2019.07.26"]
[EventType "tourn (corr)"]
[EventRounds "6"]
[EventCountry "GER"]
[SourceTitle "Corr 2022"]
[Source "ChessBase"]
[SourceDate "2021.10.24"]
[SourceVersion "1"]
[SourceVersionDate "2021.10.24"]
[SourceQuality "1"]

1. e4 e5 2. d3 Nf6 3. Nf3 Nc6 4. d4 exd4 5. e5 Qe7 6. Bf4 Nd5 7. g3 Nxf4 8. gxf4 f6 9. Nxd4 fxe5 10. Nf5 Qb4+ 11. Nd2 Qxf4 12. Ng3 Bc5 13. Nde4 Bb6 14. Bd3 d5 15. Nh5 Qh4 16. Nxg7+ Kd8 17. Ng3 Qb4+ 18. Kf1 Qxb2 19. Bxh7 Bh3+ 20. Kg1 Rxh7 21. Qxd5+ Ke7 22. N3f5+ Kf6 23. Nh5+ Rxh5 24. Re1 Qxc2 0-1